| 000 | 01222namaa2200325 i 4500 | ||
|---|---|---|---|
| 003 | EG-GICUC | ||
| 005 | 20260103152052.0 | ||
| 008 | 260103s2003 mr |||jr|||| 000 0 ara d | ||
| 017 |
_a2003 / 1342 _bدار الكتب والوثائق القومية (مصر) |
||
| 020 | _a9954409440 | ||
| 040 |
_aEG-GiCUC _bara _cEG-GiCUC _dEG-GiCUC _erda |
||
| 082 | 0 | 4 |
_221 _a410 _bR1473 |
| 092 | 0 | 4 |
_221 _a410 _bR1473 |
| 099 | _a410 R1473 | ||
| 100 | 1 |
_aالرحالى، محمد _eمؤلف. |
|
| 245 | 1 |
_aتركيب اللغة العربية : _bمقاربة نظرية جديدة / _cمحمد الرحالى. |
|
| 250 | _aالطبعة الاولى | ||
| 264 |
_aالدار البيضاء (المغرب) : _bدار توبقال، _c2003. |
||
| 300 |
_a209 صفحة ؛ _c24 سم |
||
| 336 |
_2rdacontent _atext |
||
| 337 |
_2rdamedia _aUnmediated |
||
| 338 |
_2rdacarrier _avolume |
||
| 490 | _aالمعرفة اللسانية : أبحاث ونماذج | ||
| 504 | _aيشتمل على ارجاعات ببليوجرافية. | ||
| 541 |
_aد. جابر عصفور ؛ _bالقاهرة ؛ _cإهداء ؛ _d2024. |
||
| 650 | 1 | 7 |
_aاللغة العربية _2qrmak |
| 651 | 1 | _2qrmak | |
| 905 | _aAya | ||
| 942 |
_2ddc _cBK _e21 _n0 |
||
| 999 |
_c177335 _d177335 |
||